Dvaja slovanskí konvertiti (Fiodor Michajlovič Dostojevskij a Pavol Strauss)

Bibliographic Details
Main Author: Rybák, Július, 1933-2021 (Author)
Format: Article
Language:Slovak
PhysicalDescription:Fotogr.
Subjects:
Online Access:http://www.pavolstrauss.sk/sites/default/files/letter-pdfs/listyPS-16-17.pdf

MARC

LEADER 00000nab a2200000 ar4500
001 vtls010475346
003 SK-MaSNL
005 20260303202406.0
008 121129|2011 xo |r||||||||||00 b|slo
015 |a SNBRB2012/11  |2 snkbucl 
038 |a SNKBUCL 
040 |a SNKBUCL  |b slo  |e AACR2  |c SNKBUCL 
041 0 |a slo 
044 |a xo  |c SK 
080 |a 821.161.1-051  |2 2001 
080 |a 821.162.4-051  |2 2001 
080 |a 2-184.35-051  |2 2001 
080 |a 929 Dostojevskij, Fëdor Michajlovič  |2 2001 
080 |a 929 Strauss, Pavol  |2 2001 
100 1 |a Rybák, Július,  |d 1933-2021  |4 aut  |9 102379 
245 1 0 |a Dvaja slovanskí konvertiti  |b (Fiodor Michajlovič Dostojevskij a Pavol Strauss)  |c [Július Rybák] 
300 |b Fotogr. 
600 1 7 |a Dostojevskij, Fiodor Michajlovič,  |d 1821-1881  |2 snknba  |9 53880 
600 1 7 |a Strauss, Pavol,  |d 1912-1994  |2 snknba  |9 93225 
650 0 7 |a náboženské konverzie  |2 snknba  |9 83450 
650 0 7 |a náboženskí konvertiti  |2 snknba  |9 86519 
655 7 |a štúdie  |2 snknba  |9 57033 
773 0 |t Listy PS  |g Č. 16-17 (2011), s. 38-40 
852 |a SNK  |b KIS3GCP 
856 4 1 |u http://www.pavolstrauss.sk/sites/default/files/letter-pdfs/listyPS-16-17.pdf 
958 |a LX 
958 |a BX 
958 |a BC 
958 |a SK 
958 |a RU 
999 |c 2179384  |d 2181314